| 000 | 01101nam a2200301 i 4500 | ||
|---|---|---|---|
| 003 | DO-SdBNP | ||
| 005 | 20240725142722.0 | ||
| 007 | ta | ||
| 008 | 240715b2008 dr a|||| |||| 00| 0 spa d | ||
| 020 | _a9789945020397 | ||
| 040 |
_aDO-SdBNP _bspa _cBNPHU _erda |
||
| 082 | 4 |
_222 _bG643c |
|
| 100 |
_aGonzález Canalda, María Filomena, _d1952- _965322 _eautor |
||
| 245 | 1 | 4 |
_aLos gavilleros, 1904-1916 / _cMaría Filomena González Canalda |
| 264 |
_aSanto Domingo : _bArchivo General de la Nación, _c2008. |
||
| 300 |
_a331 páginas : _bmapas ; _c23 cm. |
||
| 336 |
_2rdacontent _atexto _btxt |
||
| 337 |
_2rdamedia _asin mediación _bn |
||
| 338 |
_2rdacarrier _avolumen _bnc |
||
| 490 |
_aArchivo General de la Nación _v64 |
||
| 500 | _aIncluye referencias bibliográficas, notas al pie de las páginas e índice onomástico | ||
| 500 | _aIncluye datos biográficos de la autora en las solapas | ||
| 504 | _aBibliografía : páginas 323 - 325 | ||
| 590 | _aInventariado 2024 / BT | ||
| 650 | 4 |
_aCiencias sociales _xEnseñanza _934584 _vLibro de texto |
|
| 910 | _aBtavárez | ||
| 942 |
_2ddc _cLBS1 |
||
| 999 |
_c57293 _d57293 |
||